| 000 | 00689nam a22002537a 4500 | ||
|---|---|---|---|
| 003 | CHAP | ||
| 005 | 20220329134650.0 | ||
| 008 | 971013s1985 r 00010 d | ||
| 010 | _a23886 | ||
| 011 | _a24858 | ||
| 035 | _a28958 | ||
| 040 | _cCHAP | ||
| 090 | _aFolleto 9750 | ||
| 110 |
_aComisión Nacional de Reconstrucción. México _925800 |
||
| 245 | _aMéxico esta de pie | ||
| 260 |
_aMéxico : _bLa Comisión, _c1985 |
||
| 300 | _a55 p. | ||
| 590 |
_aBATCH-UPD _b10 _c20130110 _lUCH01 _h1538 |
||
| 590 |
_aCONVERSION _b10 _c20130109 _lUCH01 _h1314 |
||
| 650 | 1 | 4 |
_aSismos. _9106696 |
| 901 | _aBK | ||
| 942 | _cFOLL | ||
| 949 |
_aFolleto 9750 _bBC _cFOLL _d-66932 _eTS1 _i28958 _mD _si |
||
| 999 |
_c23886 _d23886 |
||